Grafický modul pre vizualizáciu činnosti neurónovej siete : Diplomová práca

Guardado en:
Detalles Bibliográficos
Autor principal: Turan, Martin (Autor)
Otros Autores: Pohlmüller, Štefan (xxx)
Formato: Manuscrito Libro
Lenguaje:eslovaco
Publicado: Trnava : STU v Bratislave MtF KAIA, 1995
Materias:
Etiquetas: Agregar Etiqueta
Sin Etiquetas, Sea el primero en etiquetar este registro!

MARC

LEADER 00000ntm a22000003a 4500
001 stu61311
005 20160719155113.0
008 010925s1995----xo------------------slo-d
040 |a STU  |b slo 
041 0 |a slo 
044 |a xo 
100 1 |a Turan, Martin  |4 aut 
245 1 |a Grafický modul pre vizualizáciu činnosti neurónovej siete :  |b Diplomová práca 
260 |a Trnava :  |b STU v Bratislave MtF KAIA,  |c 1995 
300 |a 70 s  |c výťah 
650 7 |a Siete neurónové  |2 stusub 
650 7 |a Moduly grafické  |2 stusub 
650 7 |a aplikovaná informatika a automatizácia v priemysle  |2 stusub 
700 1 |a Pohlmüller, Štefan  |4 xxx 
996 |b 284M033275  |c M*DP-1269  |l MMSKP  |s P  |a 0  |w stu61311_0001